000 00663nam a2200217Ia 4500
003 OSt
005 20250110093415.0
008 210210b1968 xxu||||| |||| 00| 0 eng d
040 _cAL
041 _aKannada
082 _aK894.3 BALD
100 _aBALAKRASHNA BAGAVANTA BORAKARA.
_dಬಾಲಕೃಷ್ಣ ಬಗವಂತ ಬೋರಕರ
_9192902
245 _aDevadasi
_bದೇವದಾಸಿ
260 _aBengaluru
_bMahila Karmikara Sahakara Sangha
_c1968
300 _axix,240
650 _aGatti Ma Ga
_9192903
690 _aKannada Fiction
_9192904
700 _aMa Ga Gatti
_dಮ.ಗ.ಗಟ್ಟಿ .tr
_9192905
906 _a028899
942 _2ddc
_cBK
999 _c80131
_d80131